000 002720000a22000970004500
100 1 _aPrieto, Jaime
245 1 0 _aVocación y misión de Irene Foulkes en América Latina
300 _aVol. 21, Num. 1 (Mayo, 2001), Páginas 9-30
773 0 _tVida y pensamiento
942 _cANA
999 _c53145
_d53145